01209cam a22002051 4500082002700000100002700027245016900054260004900223300005100272490006900323500042700392526003700819650004000856650002300896650000800919650001600927650001400943700002000957700002600977 a621.8bSHUcL-24, P-111 aShuman, John Theodore,10aFundamental shop training for those preparing for war servicec[by] John T. Shuman ... Captain Bailey Wright ... James Ritchey ... and a staff of technical experts. aChicago,bAmerican technical society,c1943. a 327 p.bincl. front., illus., diagrs.c22 cm.0 aAmerican technical society, Chicago. Production training series aPreinduction training workbook, prepared by the instruction staff of the American technical society for Fundamental shop training, using the six-step plan of instruction. Includes home and school workshop projects. Chicago, Ill., American technical society [1943] 73, [10] p. illus., fold. plates, diagrs. 28 x 22 cm. (On cover: American technical society, Chicago. Preinduction training series) "References": p. 71. a0b0c0d621_800000000000000_SHU 0aAirplanesxDesign and construction. 0aKnots and splices. 0aMCE 0aMetal-work. 0aWoodwork.1 aRitchey, James,1 aWright, Bailey Auera,